000 01194nam a22002657a 4500
005 20170124102945.0
010 _a786642
020 _c14.50
035 _a786642
037 _bCen Lib/Ret
040 _aDPL
_bHN
082 _a821
_bसूरीब
100 _aसूरी, बंसी लाल
_96710
245 _aसहस्र्मुखी ;
_cबंसी लाल सूरी; संपादक रमेश मेहता
_bस्व0 बंसी लाल सूरी की प्रतिनिधि कविताओं का संकलन /
246 _aSahsrmukhi : awa. bansi lal suri ki pratinidhi kavitayon ka sankalan /
_bby Bansi Lal Suri; sampadak Ramesh Mehta
260 _aजम्मू
_bललित कला
_c1975
270 _bजम्मू
300 _aभिन्न पृ.
_c21सेमी (सजिल्द)
650 _aहिन्दी साहित्य
_949711
650 _aकविता संग्रह
_97
650 _aHindi literature
_949712
650 _aPoetry Collection
_949713
700 _aमेहता, रमेश
_92125
942 _2ddc
_cHN
_h821
_mसूरीब
999 _c112912
_d112912